Groupes et PME en France.
Základné skupiny podnikov vo Francúzsku. Spoločnosti, vedúci podnik. Filiálky. Vitalita malých a stredných podnikov, ktoré pracujú najmä v službách. Vo Francúzsku je týchto podnikov menej ako v zahraničí, majú aj drahší úver a dlhšie ho splácajú. (L'Entreprise 1991, október).
Salvato in:
| Autore principale: | |
|---|---|
| Altri autori: | , |
| Natura: | Capitolo di libro |
| Lingua: | francese |
| Soggetti: | |
| Tags: |
Nessun Tag, puoi essere il primo ad aggiungerne!!
|
MARC
| LEADER | 00000naa a2200000 4500 | ||
|---|---|---|---|
| 001 | r008349 | ||
| 005 | 20220913124953.5 | ||
| 041 | 0 | |a fre | |
| 044 | |a FR | ||
| 245 | 1 | 0 | |a Groupes et PME en France. |c V. Thollon-Pommerol, Ch. de. Barry, Y. Bournique |
| 520 | |a Základné skupiny podnikov vo Francúzsku. Spoločnosti, vedúci podnik. Filiálky. Vitalita malých a stredných podnikov, ktoré pracujú najmä v službách. Vo Francúzsku je týchto podnikov menej ako v zahraničí, majú aj drahší úver a dlhšie ho splácajú. (L'Entreprise 1991, október). | ||
| 610 | 2 | 0 | |a podnik |
| 610 | 2 | 0 | |a organizácia podniku |
| 610 | 2 | 0 | |a Francúzsko |
| 610 | 2 | 0 | |a podnik malý |
| 610 | 2 | 0 | |a podnik stredný |
| 610 | 2 | 0 | |a služby |
| 610 | 2 | 0 | |a porovnanie štatistické |
| 610 | 2 | 0 | |a filiálky |
| 610 | 2 | 0 | |a spoločnosti |
| 610 | 2 | 0 | |a združenia podnikov |
| 100 | 1 | |a Thollon-Pommerol, V. | |
| 700 | 1 | |a Barry, Ch. de. | |
| 700 | 1 | |a Bournique, Y. | |